<?xml version="1.0" encoding="UTF-8"?>
<record
    xmlns:xsi="http://www.w3.org/2001/XMLSchema-instance"
    xsi:schemaLocation="http://www.loc.gov/MARC21/slim http://www.loc.gov/standards/marcxml/schema/MARC21slim.xsd"
    xmlns="http://www.loc.gov/MARC21/slim">

  <leader>00699nam a2200181Ia 4500</leader>
  <controlfield tag="008">090630s9999    xx            000 0 und d</controlfield>
  <datafield tag="082" ind1=" " ind2=" ">
    <subfield code="b">27393</subfield>
  </datafield>
  <datafield tag="100" ind1=" " ind2=" ">
    <subfield code="a">&#x938;&#x902;&#x915;. &#x938;&#x902;&#x92A;&#x93E;. &#x926;&#x947;&#x936;&#x92A;&#x93E;&#x902;&#x921;&#x947; &#x905;&#x928;&#x918;&#x93E;.</subfield>
  </datafield>
  <datafield tag="245" ind1=" " ind2=" ">
    <subfield code="a">&#x905;&#x915;&#x94D;&#x937;&#x92F;&#x935;&#x91F;.</subfield>
    <subfield code="c">&#x938;&#x902;&#x915;. &#x938;&#x902;&#x92A;&#x93E;. &#x926;&#x947;&#x936;&#x92A;&#x93E;&#x902;&#x921;&#x947; &#x905;&#x928;&#x918;&#x93E;.</subfield>
  </datafield>
  <datafield tag="260" ind1=" " ind2=" ">
    <subfield code="b">&#x930;&#x947;&#x938;&#x94D;&#x91F; &#x928;&#x94D;&#x92F;&#x941; &#x935;&#x947; - &#x932;&#x94B;&#x923;&#x93E;&#x935;&#x933;&#x93E;.</subfield>
  </datafield>
  <datafield tag="300" ind1=" " ind2=" ">
    <subfield code="a">151</subfield>
  </datafield>
  <datafield tag="600" ind1=" " ind2=" ">
    <subfield code="a">&#x938;&#x902;&#x915;. &#x938;&#x902;&#x92A;&#x93E;. &#x926;&#x947;&#x936;&#x92A;&#x93E;&#x902;&#x921;&#x947; &#x905;&#x928;&#x918;&#x93E;.</subfield>
  </datafield>
  <datafield tag="630" ind1=" " ind2=" ">
    <subfield code="a">&#x905;&#x915;&#x94D;&#x937;&#x92F;&#x935;&#x91F;.</subfield>
  </datafield>
  <datafield tag="655" ind1=" " ind2=" ">
    <subfield code="a">&#x907;&#x924;&#x930;.</subfield>
  </datafield>
  <datafield tag="700" ind1=" " ind2=" ">
    <subfield code="a">&#x938;&#x902;&#x915;. &#x938;&#x902;&#x92A;&#x93E;. &#x926;&#x947;&#x936;&#x92A;&#x93E;&#x902;&#x921;&#x947; &#x905;&#x928;&#x918;&#x93E;.</subfield>
  </datafield>
  <datafield tag="730" ind1=" " ind2=" ">
    <subfield code="a">&#x905;&#x915;&#x94D;&#x937;&#x92F;&#x935;&#x91F;.</subfield>
  </datafield>
  <datafield tag="942" ind1=" " ind2=" ">
    <subfield code="c">BOOK</subfield>
  </datafield>
  <datafield tag="999" ind1=" " ind2=" ">
    <subfield code="c">279249</subfield>
    <subfield code="d">279249</subfield>
  </datafield>
  <datafield tag="952" ind1=" " ind2=" ">
    <subfield code="0">0</subfield>
    <subfield code="1">0</subfield>
    <subfield code="4">0</subfield>
    <subfield code="7">0</subfield>
    <subfield code="a">SAWASHRI</subfield>
    <subfield code="b">SAWASHRI</subfield>
    <subfield code="d">0000-00-00</subfield>
    <subfield code="g">70.00</subfield>
    <subfield code="l">0</subfield>
    <subfield code="o">27393</subfield>
    <subfield code="p">SAWASHRI-27393</subfield>
    <subfield code="r">2009-06-30 00:00:00</subfield>
    <subfield code="v">70.00</subfield>
    <subfield code="w">2009-06-30</subfield>
    <subfield code="y">BOOK</subfield>
  </datafield>
</record>
